000 00385 a2200121 4500
001 ART_40669
005 20260410161655.0
008 260409a
245 1 0 _aEl consejero delegado: ¿mano visible en la creación de riqueza?
100 1 _aPrahalad, C. K.
700 1 _aDoz, Yves L.
773 0 _tHarvard Deusto Business Review
_g- Nº 103 (jul./ago. 2001)
_wREV521
999 _c14632
_d14632